Eastern Utah Libraries Catalog: Duchesne, Heber, Roosevelt, & Vernal

Quiet : (Record no. 82898)

MARC details
000 -LEADER
fixed length control field 01341cam a22003494a 4500
001 - CONTROL NUMBER
control field BK0009079102
003 - CONTROL NUMBER IDENTIFIER
control field DLC
005 - DATE AND TIME OF LATEST TRANSACTION
control field 20241220132027.0
008 - FIXED-LENGTH DATA ELEMENTS--GENERAL INFORMATION
fixed length control field 110103s2012 nyu b 001 0 eng
010 ## - LIBRARY OF CONGRESS CONTROL NUMBER
LC control number 2010053204
020 ## - INTERNATIONAL STANDARD BOOK NUMBER
International Standard Book Number 9780307352149 : HRD
Terms of availability $26.00
020 ## - INTERNATIONAL STANDARD BOOK NUMBER
International Standard Book Number 0307352145 : HRD
Terms of availability $26.00
037 ## - SOURCE OF ACQUISITION
Source of stock number/acquisition Random House Inc, Attn Order Entry 400 Hahn rd, Westminster, MD, USA, 21157
Note SAN 201-3975
040 ## - CATALOGING SOURCE
Original cataloging agency DLC
Transcribing agency DLC
Modifying agency DLC
-- NjBwBT
050 00 - LIBRARY OF CONGRESS CALL NUMBER
Classification number BF698.35.I59
Item number C35 2012
082 00 - DEWEY DECIMAL CLASSIFICATION NUMBER
Classification number 155.2/32
Edition number 22
092 ## - LOCALLY ASSIGNED DEWEY CALL NUMBER (OCLC)
Classification number 155.2320
092 ## - LOCALLY ASSIGNED DEWEY CALL NUMBER (OCLC)
Classification number 155.232 CAIN
100 1# - MAIN ENTRY--PERSONAL NAME
Personal name Cain, Susan.
9 (RLIN) 5869313
245 10 - TITLE STATEMENT
Title Quiet :
Remainder of title the power of introverts in a world that can't stop talking /
Statement of responsibility, etc Susan Cain.
250 ## - EDITION STATEMENT
Edition statement 1st ed.
260 ## - PUBLICATION, DISTRIBUTION, ETC. (IMPRINT)
Place of publication, distribution, etc New York :
Name of publisher, distributor, etc Crown Publishers,
Date of publication, distribution, etc c2012.
300 ## - PHYSICAL DESCRIPTION
Extent x, 333 p. ;
Dimensions 25 cm.
504 ## - BIBLIOGRAPHY, ETC. NOTE
Bibliography, etc Includes bibliographical references (p. [277]-323) and index.
520 ## - SUMMARY, ETC.
Summary, etc Demonstrates how introverted people are misunderstood and undervalued in modern culture, charting the rise of extrovert ideology while sharing anecdotal examples of how to use introvert talents to adapt to various situations.
650 #0 - SUBJECT ADDED ENTRY--TOPICAL TERM
Topical term or geographic name as entry element Introverts.
9 (RLIN) 6232594
650 #0 - SUBJECT ADDED ENTRY--TOPICAL TERM
Topical term or geographic name as entry element Introversion.
9 (RLIN) 5792945
650 #0 - SUBJECT ADDED ENTRY--TOPICAL TERM
Topical term or geographic name as entry element Extraversion.
9 (RLIN) 5869314
650 #0 - SUBJECT ADDED ENTRY--TOPICAL TERM
Topical term or geographic name as entry element Interpersonal relations.
9 (RLIN) 6232595
942 ## - ADDED ENTRY ELEMENTS (KOHA)
Koha item type BOOK
998 ## - LOCAL CONTROL INFORMATION (RLIN)
-- a150167
Holdings
Withdrawn status Lost status Source of classification or shelving scheme Damaged status Not for loan Collection code Home library Current library Shelving location Date acquired Source of acquisition Total Checkouts Total Renewals Full call number Barcode Date last seen Date checked out Cost, replacement price Price effective from Koha item type
    Dewey Decimal Classification     General NonFiction Wasatch County Library Wasatch County Library Second Floor 08/19/2024 Amazon 5 4 155.2 Cain 34301002085852 02/19/2026 12/08/2025 30.00 08/19/2024 BOOK
This project was made possible through a grant from the Institute of Museum and Library Service administered by the Utah State Library Division.

Wasatch County Library

  • 465 East 1200 South, Heber City, Utah 84032
  • Phone 435-654-1511 | Fax 435-654-6456

Hours

  • Monday - Friday 9:30 AM - 8:00 PM
  • Saturday 9:30 AM - 1:30 PM
  • Closed Sundays and Holidays